=LDR 00000nam 2200000 4500 =001 INLIS000000000025883 =005 20130612124347 =008 ***********************************Ind** =035 ##$$0010-061300000025883 =041 ##$$a Ind =082 ##$$a 839.3 =090 ##$$a 839.3, Velo w =100 ##$$a Velde, Jacoba Van =245 ##$$a Wisma manula, Jacoba Van Velde =260 ##$$a 1992 $b Jakarta =300 ##$$a 154 hlm, 21 cm =650 ##$$a Sastra =850 ##$$a NBPNMAT